Count on Me Lyrics - Bruno Mars - Statistics

General Stats
  • This quiz has been taken 1,495 times
  • The average score is 9 of 10
Answer Stats
Hint Answer % Correct
I'll be _____ there
98%
You'll be _____ there
98%
You can _____ __ __ like 1, 2, 3 count on me
97%
I can _____ __ ___ like 4, 3, 2, count on you
95%
'Cause thats what _______ are supposed to do, oh yeah friends
95%
I'll be the light to _____ you guide
94%
I'll sail the _____ to find you world
94%
If you ever find yourself lost in the dark and you ___'_ ___ cant see
91%
If you ever find yourself _____ in the middle of the sea stuck
88%
When we are ______ to help our friends in need called
57%
No matching quizzes found
Score Distribution
Percent of People with Each Score
Percentile by Number Answered
Your Score History
You have not taken this quiz